Lola Anglada : exposició exposició
Descripción Física:
1 punt de llibre : il·lustracions ; 20 x 7 cm
Idioma:
Catalán
MARC
| LEADER | 00000nrm a2200000 a 4500 | ||
|---|---|---|---|
| 001 | 26047 | ||
| 003 | Arxiu | ||
| 005 | 20260324181126.0 | ||
| 008 | 220623b spa||||| |||| 00| 0 cat d | ||
| 017 | |a DL B 16325-2015 | ||
| 040 | |a NBM-14-4 | ||
| 245 | |a Lola Anglada : |b exposició | ||
| 260 | |a Barcelona : |b Diputació de Barcelona, |c 2016 | ||
| 300 | |a 1 punt de llibre : |b il·lustracions ; |c 20 x 7 cm | ||
| 500 | |a A la portada: Mancomunitat de Catalunya | ||
| 600 | 1 | 0 | |a Anglada, Lola, |d 1892-1984 |v Exposicions |9 53172 |
| 655 | 0 | |a Punts de llibre |9 52700 | |
| 710 | 1 | |9 51838 |a Barcelona (Catalunya : Província). |b Gabinet de Premsa i Comunicació | |
| 710 | 2 | |a Catalunya. |b Mancomunitat |9 53015 | |
| 942 | |2 udc |c ARXIU |n 1 | ||
| 952 | |0 0 |1 0 |4 0 |6 NBM144 |7 1 |9 62527 |a Arxiu |b Arxiu |d 2022-06-23 |l 0 |o NBM-14-4 |p 26047 |r 2022-06-23 00:00:00 |w 2022-06-23 |y ARXIU | ||
| 999 | |c 82131 |d 82131 | ||